| 000 | 01061nam a2200277 a 4500 | ||
|---|---|---|---|
| 999 |
_c349112 _d349112 |
||
| 003 | BLK | ||
| 005 | 20240404111339.0 | ||
| 008 | 200317b bu |||||r|||| 00| | bu d | ||
| 020 | _a9789542619574 | ||
| 040 | _aBLK | ||
| 041 |
_aBUL _cBUL |
||
| 080 |
_aБългарска литература _b821.163.2 _x-32 _z821.163.2-32 |
||
| 100 |
_aДобротинов, Христо Георгиев _eпърви автор _91299 |
||
| 139 |
_aДобротинов, Христо Георгиев _bД 68 |
||
| 245 |
_aВ търсене на холивудския прислужник _cХристо Добротинов. _bРазкази и новели |
||
| 260 |
_9209439 _aПловдив _bХермес _c2019 _fСофия : Алианс принт |
||
| 300 |
_a200 с. _c20 см |
||
| 380 | _aX | ||
| 500 | _aБиогр. данни за авт. отбелязани на гърба на кор. | ||
| 852 |
_aЦб 299211 _bЦб |
||
| 942 |
_cKNG _n0 _s1 _04 |
||
| 944 |
_aCR _c2020-03-17 _k30530 _lМинев Младен |
||
| 999 | _d349112 | ||
| 999 | _d349112 | ||
| 999 | _d349112 | ||